| 000 | 00351nam a22001457a 4500 | ||
|---|---|---|---|
| 008 | 210303b ||||| |||| 00| 0 eng d | ||
| 020 | _a9780072829198 | ||
| 041 | _aeng | ||
| 080 |
_23rd _a336 |
||
| 082 | _a336 | ||
| 100 | _a56 | ||
| 101 | _aFIN | ||
| 245 |
_aFundamentals of Investments valuation and management _cCorrado, Ch, J |
||
| 942 |
_2udc _cBK |
||
| 999 |
_c55554 _d55554 |
||